Intersectional automations : robotics, AI, algorithms, and equity /

Bibliographic Details
Corporate Author: ProQuest (Firm)
Other Authors: Rambukkana, Nathan (Editor)
Format: eBook
Language:English
Published: Lanham : Lexington Books, [2021]
Subjects:
Online Access:Connect to the full text of this electronic book

MARC

Tag First Indicator Second Indicator Subfields
LEADER 00000cam a22000001i 4500
001 in00004440421
006 m |o d |
007 cr |n|||||||||
008 210726s2021 mdua ob 001 0 eng d
005 20250816212912.5
020 |a 9781793620521 (electronic bk.) 
020 |a 1793620520 (electronic bk.) 
020 |z 9781793620514 
020 |z 1793620512 
024 8 |a 40030637730 
035 |a (NhCcYBP)ebc6645672 
040 |a NhCcYBP  |c NhCcYBP  |d UtOrBLW 
050 4 |a Q334.7  |b .I58 2021 
082 0 4 |a 303.48/34  |2 23 
245 0 0 |a Intersectional automations :  |b robotics, AI, algorithms, and equity /  |c edited by Nathan Rambukkana. 
264 1 |a Lanham :  |b Lexington Books,  |c [2021] 
300 |a 1 online resource. 
336 |a text  |b txt  |2 rdacontent 
337 |a computer  |b c  |2 rdamedia 
338 |a online resource  |b cr  |2 rdacarrier 
504 |a Includes bibliographical references and index. 
505 2 |a Blind trust, algorithmic discrimination, and self-regulation in Facebook advertisements / Chloé L. Nurik -- Faking age? Ageing and the algorithmic assemblage / Maude Gautier, Kim Sawchuk, and Scott DeJong -- It was all fun and games : gamewashing automated control / Sebastián Gómez 
588 |a Description based on print version record. 
500 |a Electronic resource. 
650 0 |a Artificial intelligence  |x Social aspects.  |0 http://id.loc.gov/authorities/subjects/sh2009115962 
650 0 |a Automation  |x Social aspects.  |0 http://id.loc.gov/authorities/subjects/sh2007101734 
650 0 |a Robotics  |x Philosophy. 
650 0 |a Posthumanism.  |0 http://id.loc.gov/authorities/subjects/sh2021001435 
655 7 |a Electronic books.  |2 local 
700 1 |a Rambukkana, Nathan,  |e editor.  |0 http://id.loc.gov/authorities/names/n2015038875 
710 2 |a ProQuest (Firm)  |0 http://id.loc.gov/authorities/names/n2007068018 
776 1 8 |i Online version:  |t Intersectional automations  |d Lanham, Maryland : Lexington Books, [2021]  |z 9781793620521  |w (DLC) 2021024262 
776 1 8 |c Original  |z 9781793620514  |z 1793620512  |w (DLC) 2021024261 
856 4 0 |u https://ebookcentral.proquest.com/lib/tamucs/detail.action?docID=6645672  |z Connect to the full text of this electronic book  |t 0 
945 |b 966214 
955 |a YBP purchased approval e-records 
980 |b 286.00  |g 1 
987 |a ybp302284679 
999 f f |s 48b2896f-9f74-3236-a78e-50ea4f760d55  |i 581f083b-7f07-3014-8783-a10b2eacea05  |t 0 
952 f f |a Texas A&M University  |b College Station  |c Electronic Resources  |d Available Online  |t 0  |e Q334.7 .I58 2021  |h Library of Congress classification 
998 f f |a Q334.7 .I58 2021  |t 0  |l Available Online